| 000 | 00376nam a2200145Ia 4500 | ||
|---|---|---|---|
| 008 | 220803s9999 xx 000 0 und d | ||
| 020 | _a9789380985107 | ||
| 041 | _aeng | ||
| 082 | _a307.72 JAT | ||
| 100 |
_aJathar V Ed. _925930 |
||
| 245 | _aAnubhuti II : Eco Friendly ArchitectureHarsil Valley | ||
| 260 |
_aNagpur _bSwaprakashan _c2014 |
||
| 300 | _a190p | ||
| 500 | _aARCHI | ||
| 999 |
_c16626 _d16626 |
||